000 00324nam a2200133Ia 4500
008 230516s2008 xx 000 0 und d
041 _aeng
082 _a150.72
100 _aABBOTT B.B.
245 _aRESEARCH DESIGN & METHODS
260 _aNEW DELHI
_bMC GRAW HILL
_c2008
300 _a530
650 _aGENERAL MANAGEMENT
999 _c361269
_d361269